000 01169nam a2200337Ia 4500
999 _c4098
_d4098
003 OSt
005 20200219101434.0
008 180305s1967||||pe aabbfr|||||||| ||sp |d
040 _apeliigp
_bspa
_cpeliigp
041 _aspa
082 0 4 _221
_a551/BA/17
100 1 _93014
_aCossío N., Aurelio.
_eautor
245 1 0 _aGeología de los cuadrángulos de Puemape, Chocope, Otuzco, Trujillo, Salaverry y Santa:
_bhojas 16-d, 16-e, 16-f, 17-e, 17-f, 18-f
260 _aLima:
_bServicio de Geología y Minería,
_c1967
300 _a141 páginas:
_bilustraciones, mapas;
_c25 cm. + 4 mapas a color plegable
500 _aCuadrángulos ubicados en los departamentos de La La Libertad y Ancash.
504 _aIncluye referencias bibliográficas: página 107.
650 1 4 _9287
_aGEOLOGÍA
651 4 _93053
_aPUEMAPE
651 4 _93054
_aCHOCOPE
651 4 _93055
_aOTUZCO
651 4 _93056
_aTRUJILLO
651 4 _93057
_aSALAVERRY
651 4 _91430
_aLA LIBERTAD
651 4 _93058
_aSANTA
651 4 _91426
_aANCASH
700 1 _93006
_aJaén La Torre, Hugo
_eautor
710 2 _93052
_aServicio de Geología y Minería
910 _aphc
942 _cBK
_2ddc